| 000 | 00692nam a2200169Ia 4500 | ||
|---|---|---|---|
| 008 | 090124s9999 xx 000 0 und d | ||
| 082 | _b47572 | ||
| 100 | _aखाडिलकर नीलकंठ (संपादक नवाकाऴ) | ||
| 245 | _a अग्रलेखांचा बादशहा | ||
| 250 | _a0 | ||
| 300 | _a166 | ||
| 600 | _aखाडिलकर नीलकंठ (संपादक नवाकाऴ) | ||
| 630 | _a अग्रलेखांचा बादशहा | ||
| 700 | _aखाडिलकर नीलकंठ (संपादक नवाकाऴ) | ||
| 730 | _a अग्रलेखांचा बादशहा | ||
| 942 | _cBOOK | ||
| 999 |
_c113950 _d113950 |
||